Clasificaciones de República Checa en la Eurocopa - Estadísticas

Estadísticas generales
  • Esta prueba ha sido intentada 3 veces
  • La puntuación promedio es 4 de 11
Estadísticas de respuestas
Hint Respuesta % Correcto
2008 Fase de grupos
100%
2016 Fase de grupos
100%
2000 Fase de grupos
67%
2024 Fase de grupos
67%
1996 Segundo clasificado
33%
1960 Tercer puesto
33%
1980 Tercer puesto
33%
2012 Cuartos de final
0%
2020 Cuartos de final
0%
1976 Ganador
0%
2004 Semifinal
0%
No se encontraron pruebas coincidentes
Distribución de puntuación
Porcentaje de gente con cada puntuación
Porcentaje por número respondido
Historial de tus puntuaciones
No has intentado esta prueba.